|
|
|
|
| LEADER |
00000cam a2200000 7i4500 |
| 001 |
0000002392 |
| 005 |
20030604.0 |
| 020 |
0 |
0 |
|a 3880850208
|
| 090 |
0 |
0 |
|a 634.95609599
|b MAN 1976
|
| 245 |
0 |
0 |
|a MANUAL of reforestation and erosion control for the Philippines
|c by A. Agpaoa ... (et al.)
|c compiled by H. J. Weidelt
|
| 260 |
0 |
0 |
|a Eschborn :
|b German Agency for Technical Cooperation ,
|c 1976
|
| 300 |
|
|
|a xvii,,569 p. :
|b ill. ;
|c 21 cm.
|
| 500 |
0 |
0 |
|a Includes bibliographical references : p. 534-535 and indexes
|
| 650 |
0 |
0 |
|a Reforestation
|x Handbooks, manuals, etc.
|z Philippines
|
| 650 |
0 |
0 |
|a Soil conservation
|x Handbooks, manuals, etc.
|z Philippines
|
| 700 |
0 |
1 |
|a Agpaoa
|h A.
|
| 700 |
0 |
1 |
|a Weidelt
|h H. J.
|
| 998 |
|
|
|a JPSM
|
| 999 |
|
|
|a 0000004217
|b Monograph
|c Open Shelf
|e Default branch
|
| 999 |
|
|
|a 0000004218
|b Monograph
|c Open Shelf
|e Default branch
|